00483nam a22001457a 4500082001300000100002700013245005200040260004000092300001200132526003700144650001300181942001200194999001900206952011200225 a502bCON aJames B. Conant950733 aModern Science and Modern ManbCanant James B.  aNew YorkbColumbia Universityc1955 a187 p.: a0b0c0d502_000000000000000_CON aMCE9379 2ddccBK c553487d553487 00102ddc4070aMCEbMCEcArchive Sectiond2015-02-13l0o502 CONpMCE-MCM/2.1r2015-02-13w2015-02-13yBK